000 00745nas a2200241 4500
001 BR9900224
003 BR-BrBNA
005 20231205101159.0
007 ta
008 230509b bl.|||p| |||| 00| 00por d
040 _aBR-BrBNA
_bpor
_cBiblioteca Nacional de Agricultura
041 _a(Pt)
072 _aQ04
100 1 _aMuradian, L.B. de A.
100 1 _aFiorini, F.
245 1 _aComposicao e valor pro-vitaminico A das vagens macarrao e manteiga, comercializadas em Sao Paulo, Brasil
650 _aVagem
650 _aVitamina A
650 _aCaroteno
773 0 _tSemina Ciencias Agrarias (Brazil)
_xISSN 0101-3742
_g(Mar 1996), v. 17(1) p. 49-52
_wBR9900224
909 _a202311
_bLúcia
_c55
_dLúcia Elande
942 _2AGRIS
_n0
_cANA
999 _c160264
_d160264